000 00233nam a2200097Ia 4500
008 190216s9999||||xx |||||||||||||| ||und||
100 _aGovt Of Kerala
245 0 _a"The Kerala Accounts Code Vol 1,2,3"
260 _bNull
942 _cREF
999 _c35276
_d35276